000 00315nam a2200133Ia 4500
005 20260328104323.0
008 260328s9999||||xx |||||||||||||| ||und||
100 _aBuchanan, William
245 4 _aThe Glasgow School of Art /
_cWilliam Buchanan
260 _bRD
300 _a224 p.
650 _aARTE
942 _cBK
999 _c11422
_d11422